|
|
|
|
| LEADER |
00000nab a2200000ua 4500 |
| 001 |
vtls010821341 |
| 003 |
SK-MaSNL |
| 005 |
20260304011735.0 |
| 008 |
230121s1974 xo |||||||||||||||||slo| |
| 035 |
|
|
|a (urnnbn)urn:nbn:sk:snk:ar-a05yn0
|
| 035 |
|
|
|a urn:nbn:sk:snk-ab5okt
|
| 035 |
|
|
|a (uuid)801b5a43-03e3-45c6-b521-bee1c540fb64
|
| 040 |
|
|
|a SNKBUCL
|b slo
|c SNKBUCL
|e AACR2
|
| 041 |
0 |
|
|a slo
|
| 044 |
|
|
|a xo
|c SK
|
| 100 |
1 |
|
|a Gavorníková, Mária
|4 aut
|9 161680
|
| 245 |
1 |
0 |
|a Vplyv alkoholu na interpersonálne vzťahy a konflikty
|c M. Gavorníková
|
| 773 |
0 |
|
|t Protialkoholický obzor
|g Roč. 9, č. 3-4 (1974), s. 99-101
|
| 954 |
|
|
|a odborná, vedecká literatúra pôvodná (slovenská)
|2 lita
|
| 958 |
|
|
|a OND
|
| 958 |
|
|
|a EUIPO
|
| 958 |
|
|
|a article5
|
| 999 |
|
|
|c 2567775
|d 2569705
|